000 00357 a2200169 4500
001 166624
020 _a85-08-04334-1
040 _cMagnum
100 _aKotscho, Ricardo
240 1 0 _aNas asas do destino
_lpor
245 1 0 _aNas asas do destino
300 _a125
362 0 _a1998
440 1 _aÁtica
697 _aLITERATURA JUVENIL
942 _cBK
999 _c166624
_d166624